000
00196 a2200097 4500
001
48857
100
_a
Churba
245
_a
Soviet breakout
260
_a
Wash
_b
Brasseys
_c
090
_c
31752
_d
31752
942
_a
NUST-CAE
_c
M
_c
24172
999
_c
283930
_d
283930